On This Day: October 14th Quiz Stats

Quiz Updated Oct 14, 2017

Challenge
Share
Tweet
Embed
Score 0/7 Timer 03:00
0 Plays Today
Question Answer Wrong Answers
This children’s book by A. A. Milne is first published.
1926
Winnie-the-Pooh
92.9%
Where the Wild Things Are
2.9%
Goodnight Moon
2%
Corduroy
0.9%
This man receives the Nobel Peace Prize for combating racial inequality through nonviolence.
1964
Martin Luther King Jr.
92.7%
Malcolm X
4.5%
Robert F. Kennedy
0.4%
James Baldwin
0.4%
Adolf Hitler announces that Nazi Germany is withdrawing from this intergovernmental organization, as well as the World Disarmament Conference.
1933
League of Nations
84.8%
NATO
10.3%
International Maritime Organization
2%
International Monetary Fund
1.1%
US President Ronald Reagan proclaims a War on ______.
1982
Drugs
82.3%
Communism
7.8%
Organized Crime
2.7%
Terror
5.1%
This American general and politician, the 34th President of the United States, is born.
1890
Dwight D. Eisenhower
77.3%
Harry S. Truman
8%
Franklin D. Roosevelt
11.7%
Herbert Hoover
2.9%
As part of a Red Bull space diving project, Felix Baumgartner successfully jumps to Earth from a helium balloon in the ______.
2012
Stratosphere
67.8%
Troposphere
14.7%
Exosphere
11%
Thermosphere
4.3%
While campaigning in Milwaukee, this man is shot by a mentally-disturbed saloon keeper. With the bullet still in his chest, he carries out his scheduled public speech.
1912
Theodore Roosevelt
52.7%
Woodrow Wilson
13%
William Howard Taft
20.2%
Eugene V. Debs
13.4%

Today's Daily Dose

You're not logged in!

Compare scores with friends on all Sporcle quizzes.
Sign Up with Email
OR
Log In

You Might Also Like...

Show Comments

Extras

Top Quizzes Today


Score Distribution

Your Account Isn't Verified!

In order to create a playlist on Sporcle, you need to verify the email address you used during registration. Go to your Sporcle Settings to finish the process.

Report this User

Report this user for behavior that violates our Community Guidelines.

Details: